Tréning pamäťových schopností pomáha zmierniť informačný tlak na manažéra
Význam a mechanizmy pamäti. Zámerné a mimovoľné zapamätávanie. Tréning zapamätávania. Techniky externej pamäti. Test aktuálnej pamäti.
Salvato in:
| Autore principale: | |
|---|---|
| Natura: | Capitolo di libro |
| Lingua: | slovacco |
| Soggetti: | |
| Tags: |
Nessun Tag, puoi essere il primo ad aggiungerne!!
|
MARC
| LEADER | 00000naa a2200000 4500 | ||
|---|---|---|---|
| 001 | r018878 | ||
| 005 | 20230921074453.2 | ||
| 041 | 0 | |a slo | |
| 044 | |a SK | ||
| 245 | 1 | 0 | |a Tréning pamäťových schopností pomáha zmierniť informačný tlak na manažéra |c V. Bahnová |
| 520 | |a Význam a mechanizmy pamäti. Zámerné a mimovoľné zapamätávanie. Tréning zapamätávania. Techniky externej pamäti. Test aktuálnej pamäti. | ||
| 610 | 2 | 0 | |a manažment |
| 610 | 2 | 0 | |a zdroje ľudské |
| 610 | 2 | 0 | |a organizácia práce |
| 610 | 2 | 0 | |a manažéri |
| 610 | 2 | 0 | |a informácie |
| 100 | 1 | |a Bahnová, V. | |